| 000 | 00944nas1a22002651i 4500 | ||
|---|---|---|---|
| 001 | RU\NLR\INFOCOMM15\1000116805 | ||
| 005 | 20240726044405.0 | ||
| 035 | _a(NLR Aleph) 002512553 | ||
| 090 |
_a2691980 _c2691980 |
||
| 100 | _a20040412c1990 |||y0rusy50 ca | ||
| 101 | 0 | _arus | |
| 102 | _aRU | ||
| 110 | _azyu||||0|y0 | ||
| 200 | 1 |
_aЛенинград весь на ладони _eИнформ. изд. о культ. жизни города _fПодгот. т-вом "Свеча" при ЛО СФК |
|
| 210 |
_aЛ. _d1990- |
||
| 712 | 0 | 2 |
_a"Свеча", товарищество _cЛенинград _4570 |
| 801 | 1 |
_aRU _bInfoComm _c20040412 |
|
| 801 | 0 |
_aRU _bNLR _gPSBO |
|
| 852 |
_aNLR _jП23/3477 |
||
| 942 | _cSE | ||
| 980 | _aRUSPER | ||